00396 2200157 4500001002100000005001500021035002000036245006800056100002000124300001100144260003700155082000800192084001400200990001200214990001200226INLIS00000000000194720250522095055 a0010-05250002391 aKini Aku Tahu 2 :bMinyak, Sabun, Es dan Api /cSunarko Budiman0 aSunarko Budiman a39 hlm aJakarta :bInsan Cendekia,c2008 a507 a507 SUN k a0713484 a0713485